000 00304nam a2200097Ia 4500
008 171211s9999 xx 000 0 und d
245 _aLingering Bilingualism: Modern Hebrew and Yiddish Literatures in Contact
260 _c2016
650 _xCULTURE
856 _uhttp://down.ebook777.com/062/0815634234.pdf
999 _c347828
_d347828